000 00784nam a2200289Ia 4500
005 20260324112504.0
008 008 260324s9999 xx 000 0 eng d
020 _a9781003570233
037 _aEBOOK
040 _aCRL
040 _beng
040 _cCRL
041 _2eng
041 _aeng
084 _qCRL
100 _aSheetanshu Gupta; Dhirendra Kumar; Radhika Negi; Ranjan Singh; Mohammad Javed Ansari; Shakuli Kashyap; Sudhir Mehrotra
_91142906
245 0 _aGenomic Intelligence
245 0 _bMetagenomics and Artificial Intelligence
260 _bTaylor and Francis
260 _c2024
365 _a
365 _b320
856 _uhttp://www.taylorfrancis.com/books/9781003570233
942 _cEBOOK
999 _c1732137
_d1732137